000 00924nam0a22002891 4500
001 rc\2206886
005 20250623090258.0
035 _a(NLR Aleph) 006695202
090 _a5186820
_c5186820
100 _a20110829d1978 |||y0rusy50 ca
101 0 _arus
102 _aRU
105 _aa z |||a|
200 1 _aРассказы о трех необычных минералах
210 _aМосква
_cНедра
_d1978
215 _a177 с.
_cил.
_d20
606 _aСлюда
_2psbo
606 _aЦеолиты
_2psbo
606 _aАсбест
_2psbo
700 1 _4340
_7ca
_8rus
_aПетров
_bВ. П.
_cд-р геол.-минерал. наук
_f1908-1993
_gВалерий Петрович
_9254951
_3RU\NLR\AUTH\770255007
801 0 _aRU
_bNLR
_gpsbo
801 1 _aRU
_bELAR
_2rusmarc
852 _aNLR
_j78-3/3089
899 _aRuMoRGB
_jБ 78-21/654
899 _aRuMoRGB
_jБ 78-21/655
942 _cBOOK
980 _aNB